| 000 | 02908nam0a2200385 4500 | ||
|---|---|---|---|
| 001 | RU\NLR\BIBL_A\012320058 | ||
| 005 | 20200901164029.0 | ||
| 010 |
_a978-5-7310-4855-2 _9500 |
||
| 021 |
_aRU _bКН-П-20-022935 _9КН-П-20-1795 |
||
| 035 | _a(NLR Aleph) 012320058 | ||
| 035 | _a(RuMoRGB)010337375 | ||
| 090 |
_a11416926 _c11416926 |
||
| 100 | _a20200824d2020 k y0rusy50 ca | ||
| 101 | 0 |
_arus _aeng |
|
| 102 | _aRU | ||
| 105 | _aa|||z|||100zy | ||
| 181 | 0 |
_ai _baxxe |
|
| 182 | 0 | _an | |
| 200 | 1 |
_aНаучные исследования современных проблем развития России: диалог поколений _eсборник научных трудов по итогам Международной научно-практической конференции молодых ученых Санкт-Петербургского государственного экономического университета _fМинистерство науки и высшего образования Российской Федерации, Федеральное государственное бюджетное образовательное учреждение высшего образования "Санкт-Петербургский государственный экономический университет", Совет молодых ученых _gпод редакцией д-ра экон. наук, проф. Е.А. Горбашко |
|
| 203 |
_aТекст _bвизуальный _cнепосредственный |
||
| 210 |
_aСанкт-Петербург _cИзд-во Санкт-Петербургского государственного экономического университета _d2020 |
||
| 215 |
_a765 с. _cил., табл. _d20 |
||
| 300 | _aТекст рус., англ. | ||
| 320 | _aБиблиогр. в конце ст. | ||
| 606 | 1 |
_aГуманитарные науки _jСъезды, совещания и т.п _2nlr_sh1 _2nlr_sh2 _3RU\NLR\AUTH\661308230 |
|
| 686 | 1 | _aС.я431 | |
| 702 | 1 |
_aГорбашко _bЕ. А. _f1958- _gЕлена Анатольевна _4340 |
|
| 711 | 1 | 2 |
_a"Научные исследования современных проблем развития России: диалог поколений", международная научно-практическая конференция молодых ученых _f2019 _eСанкт-Петербург _3RU\NLR\AUTH\880524970 |
| 712 | 0 | 2 |
_aСанкт-Петербургский государственный экономический университет _bСовет молодых учёных _3RU\NLR\AUTH\880467197 _4570 |
| 942 | _cBOOK | ||
| 980 | _aNBR | ||
| 980 | _aNB | ||